Normal view
MARC view
Entry Nome pessoal
001 - NÚMERO DE CONTROLE
- campo de controle: 533
003 - IDENTIFICADOR DO NÚMERO DE CONTROLE
- campo de controle: Br
005 - DATA E HORÁRIO DA ÚLTIMA TRANSAÇÃO
- campo de controle: 20250317104424.0
008 - CAMPO DE DADOS FIXOS
- campo de controle de tamanho fixo: 110516|| acnacaban aaaa d
035 ## - NÚMERO DE CONTROLE DO SISTEMA
- Número de Controle do Sistema: 2011051616103906med
040 ## - FONTE DA CATALOGAÇÃO
- Instituição da catalogação original: blrjbn
- Instituição que transcreveu o registro: blrjbn
100 1# - CABEÇALHO--NOME PESSOAL
- Nome pessoal: Kohara, Kazuno.
670 1# - FONTE POSITIVA DOS DADOS
- Citação da fonte positiva dos dados: Autor de: A casa assombrada. 2010
- Dados encontrados na fonte localizada no subcampo: (p. [25]: nasceu e cresceu no Japão; cursou gravura na Anglia Ruskin University, vive em Cambridge, Inglaterra; ficha cat.: d.n. 1979)
670 ## - FONTE POSITIVA DOS DADOS
- Citação da fonte positiva dos dados: LC authorities 16/05/11
670 ## - FONTE POSITIVA DOS DADOS
- Citação da fonte positiva dos dados: http://catalogue.bl.uk/
675 ## - FONTE NEGATIVA DOS DADOS
- Citação da fonte positiva dos dados: Google
- Citação da fonte positiva dos dados: http://catalogue.bnf.fr/
- Citação da fonte positiva dos dados: http://www.wikipedia.org
- Citação da fonte positiva dos dados: http://www.ndl.go.jp/en/index.html